Statistiques concernant Top 4 de la Coupe du Monde de football féminine

Cliquez ici pour prendre le quiz!

Statistiques générales

  • Ce quiz a été pris 282 fois
    (249 depuis la dernière actualisation)
  • Le résultat moyen est 29 sur 32

Statistiques - réponses

AnnéeClassementRéponse% Correct
20114France
100%
19911États-Unis
98%
20191États-Unis
98%
20151États-Unis
98%
19953États-Unis
98%
20112États-Unis
98%
19991États-Unis
98%
20073États-Unis
98%
20033États-Unis
98%
20031Allemagne
93%
20154Allemagne
93%
20071Allemagne
93%
19952Allemagne
93%
19914Allemagne
93%
20194Angleterre
93%
20153Angleterre
93%
19993Brésil
89%
20072Brésil
89%
19951Norvège
86%
19994Norvège
86%
19912Norvège
86%
20074Norvège
86%
20032Suède
86%
19913Suède
86%
20193Suède
86%
20113Suède
86%
20111Japon
85%
20152Japon
85%
20034Canada
83%
20192Pays-Bas
80%
19954Chine
75%
19992Chine
75%

Distribution des résultats

Percentile par nombre de réponses

% des personnes avec chaque résultat

Votre développement - résultats

Vous n’avez pas pris ce quiz depuis la dernière actualisation